| 000 | 01308nam a2200349 a 4500 | ||
|---|---|---|---|
| 001 | 000110108 | ||
| 003 | CHAP | ||
| 005 | 20220329144118.0 | ||
| 008 | 140723s2014 mx sm |||||||spa d | ||
| 010 | _a106570 | ||
| 011 | _a107542 | ||
| 040 | _cCHAP | ||
| 090 | _aTesis | ||
| 100 | 1 |
_aNoriega Navarrete, José Luis. _9127517 |
|
| 245 | 1 | 0 |
_aEfecto de la concentración de la solución nutritiva,frecuencia de riego y volumen de sustrato en la producción de pepino _h[En línea] _cpor José Luis Noriega Navarrete. |
| 260 |
_aChapingo, Méx. : _bEl autor, _c2014. |
||
| 500 | _aPara ver el contenido del material haga clic en la liga | ||
| 502 | _aTesis (M.C. en Horticultura) -- UACH. Departamento de Fitotecnia | ||
| 590 |
_aBATCH-UPD _b05 _c20140723 _lUCH01 _h1153 |
||
| 590 |
_aBATCH-UPD _b05 _c20141002 _lUCH01 _h0905 |
||
| 590 |
_aE5765TAJ _b05 _c20140723 _lUCH01 _h1153 |
||
| 590 |
_aE5765TAJ _b05 _c20140723 _lUCH01 _h1153 |
||
| 590 |
_aE5765TAJ _b05 _c20140723 _lUCH01 _h1153 |
||
| 650 | 1 | 4 |
_aPepino _xCrecimiento. _986900 |
| 650 | 1 | 4 |
_aPepino _xCultivos hidropónicos. _9126362 |
| 650 | 1 | 4 |
_aPepino _xRendimiento. _986928 |
| 650 | 1 | 4 |
_aSoluciones nutritivas. _9108527 |
| 856 |
_aFinding aid _uhttp://10.13.5.2/tesis/sist110108.pdf _zTeclea aquí |
||
| 901 | _aBK | ||
| 942 | _cTESIS | ||
| 942 | _n0 | ||
| 999 |
_c106570 _d106570 |
||